A pedagógusok mentális egészségét befolyásoló tényezők, különös tekintettel a burnout szindrómára

Bibliográfiai részletek
Szerző: Sajti Gréta
További közreműködők: Gombás Dr. Judit
Dokumentumtípus: Diplomadolgozat
Kulcsszavak:pedagógus
stressz
stresszorok
kiégés
Online Access:http://dolgozattar.uni-bge.hu/2836

MARC

LEADER 00000nta a2200000 i 4500
001 dolg2836
005 20160303100704.0
008 150513suuuu hu om 000 hun d
040 |a BGE Dolgozattár Repozitórium  |b hun 
041 |a hu 
100 1 |a Sajti Gréta 
245 1 2 |a A pedagógusok mentális egészségét befolyásoló tényezők, különös tekintettel a burnout szindrómára  |c Sajti Gréta  |h [elektronikus dokumentum] 
246 1 1 |a A pedagógusok mentális egészségét befolyásoló tényezők, különös tekintettel a burnout szindrómára 
695 |a pedagógus 
695 |a stressz 
695 |a stresszorok 
695 |a kiégés 
700 1 |a Gombás Dr. Judit  |e ths 
856 4 0 |u http://dolgozattar.uni-bge.hu/2836/1/Sajti%20Gr%C3%A9ta_Szakdolgozat_2015.pdf  |z Dokumentum-elérés